| 000 | 04666nam a22006135i 4500 | ||
|---|---|---|---|
| 001 | 978-3-319-45001-8 | ||
| 003 | DE-He213 | ||
| 005 | 20210118121526.0 | ||
| 007 | cr nn 008mamaa | ||
| 008 | 161213s2017 gw | s |||| 0|eng d | ||
| 020 |
_a9783319450018 _9978-3-319-45001-8 |
||
| 024 | 7 |
_a10.1007/978-3-319-45001-8 _2doi |
|
| 050 | 4 | _aLC8-6691 | |
| 072 | 7 |
_aJNV _2bicssc |
|
| 072 | 7 |
_aEDU039000 _2bisacsh |
|
| 072 | 7 |
_aJNV _2thema |
|
| 082 | 0 | 4 |
_a371.33 _223 |
| 245 | 1 | 0 |
_aEducational Media and Technology Yearbook _h[electronic resource] : _bVolume 40 / _cedited by Michael Orey, Robert Maribe Branch. |
| 250 | _a1st ed. 2017. | ||
| 264 | 1 |
_aCham : _bSpringer International Publishing : _bImprint: Springer, _c2017. |
|
| 300 |
_aXX, 364 p. 17 illus., 12 illus. in color. _bonline resource. |
||
| 336 |
_atext _btxt _2rdacontent |
||
| 337 |
_acomputer _bc _2rdamedia |
||
| 338 |
_aonline resource _bcr _2rdacarrier |
||
| 347 |
_atext file _bPDF _2rda |
||
| 490 | 1 |
_aEducational Media and Technology Yearbook, _x8755-2094 ; _v40 |
|
| 505 | 0 | _aPreface -- Part I -- Introduction -- Issues and Trends in Instructional Technology: Increased Use of Mobile Technologies and Digital Content to Provide Un-Tethered Access to Training and Learning Opportunities -- Collaborative design of ICT-rich early literacy learning material: Design talk in teacher teams -- Social learning in a distributed environment: Lessons learned from online design education -- Understanding Help-Seeking Behavior of Students’ in a Flipped Classroom: A Structural Equation Modeling Approach -- Digging Deep into Communities of Inquiry at Purdue -- Real-time mutual gaze perception enhances collaborative learning and collaboration quality -- Critical Thinking in the Field of Educational Technology: Approaches, Projects, and Challenges -- Exploring the Cultural Dimensions of Learning: Models, Instruments, and Future Studies -- Part II -- Introduction -- Profile of Edward Caffarella -- Profile of Sharon Smaldino -- Part III -- Introduction -- Worldwide List of Organizations in Learning, Design, Technology, Information or Libraries -- Part IV -- Introduction -- Worldwide List of Graduate Programs in Learning, Design, Technology, Information or Libraries -- Part V -- Introduction -- Mediagraphy. | |
| 520 | _aThis book is an annual publication entering its 41st year. The series represents current trends and issues in the field of educational communications and technology, journals and other periodicals associated with the field, and the academic programs that prepare instructional technology professionals. Springer has been the publisher for the series, in cooperation with the Association for Educational Communications and Technology, for the past five years. Volume 40 will feature a section on Learning, Design, and Technology Trends, in addition to updated information about programs, associations, journals, and a new ranking of the top academic degree programs in the field of Learning, Design, and Technology. | ||
| 650 | 0 | _aEducational technology. | |
| 650 | 0 | _aLearning. | |
| 650 | 0 | _aInstruction. | |
| 650 | 0 | _aLiteracy. | |
| 650 | 1 | 4 |
_aEducational Technology. _0http://scigraph.springernature.com/things/product-market-codes/O21000 |
| 650 | 2 | 4 |
_aLearning & Instruction. _0http://scigraph.springernature.com/things/product-market-codes/O22000 |
| 650 | 2 | 4 |
_aLiteracy. _0http://scigraph.springernature.com/things/product-market-codes/O40000 |
| 700 | 1 |
_aOrey, Michael. _eeditor. _4edt _4http://id.loc.gov/vocabulary/relators/edt |
|
| 700 | 1 |
_aBranch, Robert Maribe. _eeditor. _4edt _4http://id.loc.gov/vocabulary/relators/edt |
|
| 710 | 2 | _aSpringerLink (Online service) | |
| 773 | 0 | _tSpringer eBooks | |
| 776 | 0 | 8 |
_iPrinted edition: _z9783319450001 |
| 776 | 0 | 8 |
_iPrinted edition: _z9783319450025 |
| 776 | 0 | 8 |
_iPrinted edition: _z9783319831855 |
| 830 | 0 |
_aEducational Media and Technology Yearbook, _x8755-2094 ; _v40 |
|
| 856 | 4 | 0 | _uhttps://doi.org/10.1007/978-3-319-45001-8 |
| 912 | _aZDB-2-EDA | ||
| 999 |
_c445189 _d445189 |
||
| 942 | _cEB | ||
| 506 | _aAvailable to subscribing member institutions only. Доступно лише організаціям членам підписки. | ||
| 506 | _fOnline access from local network of NaUOA. | ||
| 506 | _fOnline access with authorization at https://link.springer.com/ | ||
| 506 | _fОнлайн-доступ з локальної мережі НаУОА. | ||
| 506 | _fОнлайн доступ з авторизацією на https://link.springer.com/ | ||